000 00378nam a2200145Ia 4500
008 230718s9999 xx 000 0 und d
041 _aEng.
082 _a3941
_bملک-ک
100 _aملک ، ارشاد احمد ارشاد
245 0 _aکھانوں مزارین
260 _aPakistan
_bمصوررکھاوس لا
_c2002
300 _a189
650 _aLaw
999 _c29219
_d29219